|
|
|
|
| LEADER |
01462nam a22003854a 4500 |
| 001 |
EBC180681 |
| 003 |
MiAaPQ |
| 005 |
20200520144314.0 |
| 006 |
m o d | |
| 007 |
cr cn||||||||| |
| 008 |
040707s2002 enka sb 001 0 eng |
| 010 |
|
|
|z 2004300825
|
| 020 |
|
|
|z 0415265924
|
| 035 |
|
|
|a (MiAaPQ)EBC180681
|
| 035 |
|
|
|a (Au-PeEL)EBL180681
|
| 035 |
|
|
|a (CaPaEBR)ebr10099407
|
| 035 |
|
|
|a (CaONFJC)MIL6445
|
| 035 |
|
|
|a (OCoLC)437250830
|
| 040 |
|
|
|a MiAaPQ
|c MiAaPQ
|d MiAaPQ
|
| 050 |
|
4 |
|a HC79.E5
|b G3254 2002
|
| 082 |
0 |
4 |
|a 338.9/27
|2 22
|
| 100 |
1 |
|
|a Gallopin, Gilberto C.
|
| 245 |
1 |
0 |
|a Global sustainability
|h [electronic resource] :
|b bending the curve /
|c Gilberto Gallopin and Paul D. Raskin.
|
| 260 |
|
|
|a London ;
|a New York, NY :
|b Routledge,
|c 2002.
|
| 300 |
|
|
|a vii, 221 p. :
|b ill.
|
| 490 |
1 |
|
|a Routledge/SEI global environment and development series ;
|v 3
|
| 504 |
|
|
|a Includes bibliographical references (p. [205]-213) and index.
|
| 533 |
|
|
|a Electronic reproduction. Ann Arbor, MI : ProQuest, 2015. Available via World Wide Web. Access may be limited to ProQuest affiliated libraries.
|
| 650 |
|
0 |
|a Sustainable development.
|
| 650 |
|
0 |
|a Globalization.
|
| 655 |
|
4 |
|a Electronic books.
|
| 700 |
1 |
|
|a Raskin, Paul.
|
| 710 |
2 |
|
|a ProQuest (Firm)
|
| 830 |
|
0 |
|a Routledge/SEI global environment and development series ;
|v 3.
|
| 856 |
4 |
0 |
|u https://ebookcentral.proquest.com/lib/matrademy/detail.action?docID=180681
|z Click to View
|